Normal view
MARC view
- Guinness world records 2001
Entry Topical Term
001 - CONTROL NUMBER
- control field: 131000
003 - CONTROL NUMBER IDENTIFIER
- control field: NUST
005 - DATE AND TIME OF LATEST TRANSACTION
- control field: 20251008142525.0
008 - FIXED-LENGTH DATA ELEMENTS
- fixed length control field: 251008|| aca||aabn | a|a d
040 ## - CATALOGING SOURCE
- Original cataloging agency: NUST
- Transcribing agency: NUST
150 ## - HEADING--TOPICAL TERM
- Topical term or geographic name entry element: Guinness world records 2001
670 ## - SOURCE DATA FOUND
- Source citation: Work cat.: (NUST)184841: Guinness 12640, Guinness world records 2001 /, 2001
